Principles of digital audio and video

Shranjeno v:
Bibliografske podrobnosti
Glavni avtor: Luther, Arch C. (autor)
Format: Knjiga
Jezik:angleščina
Izdano: Boston Artech House 1997
Serija:Artech House Digital Audio and Video Library
Teme:
Oznake: Označite
Brez oznak, prvi označite!

MARC

LEADER 00000nam a2200000 a 4500
001 UCM2666
003 CL-VaPUC
008 020613e19970000US |||||||||||||||||eng|d
082 0 4 |a 621.382  |b LUT  |2 21 
100 |a Luther, Arch C.  |e autor  |9 469390 
245 1 0 |a Principles of digital audio and video 
300 |a 405 p 
942 |c BK 
945 |d 20020613 00:00:00  |a vberengu 
260 |a Boston  |b Artech House  |c 1997 
650 0 |a Comunicación digital   |9 260754 
650 0 |a Sistemas de comunicación   |9 260934 
650 7 |a TRANSMISION DIGITAL  |2 CL-VaPUC  |9 432751 
650 0 |a Procesamiento de señales   |9 260702 
650 7 |a SISTEMAS MULTIMEDIOS  |2 CL-VaPUC  |9 332987 
583 |a last modification  |c 20160914 01:47:00  |k Rodrigo Vera 
490 0 |a Artech House Digital Audio and Video Library 
999 |c 300396  |d 300394 
952 |0 0  |1 0  |4 0  |6 621_382000000000000_LUT_1997  |7 0  |8 A  |9 358099  |a BIBING  |b BIBING  |d 2019-11-21  |i 3818314  |o 621.382 LUT 1997  |p 3818314  |r 2025-01-20  |w 2019-11-21  |y BK  |k EIE